Nommez un Mot de Six Lettres Valide A-Z - Statistiques

Statistiques générales
  • Ce quiz a été pris 146 119 fois
  • Le résultat moyen est 15 sur 26
Statistiques - réponses
# Possible Mots % Correct
C 1733 centre, cheval, croire...
92%
B 1371 besoin, bouche, bureau...
91%
A 1250 adulte, animal, autant...
87%
D 961 dehors, donner, droite...
85%
F 904 fermer, figure, fleuve...
80%
G 923 garçon, gauche, guerre...
79%
E 1088 écrire, enfant, étoile...
74%
M 1008 manger, minute, muscle...
74%
L 791 lancer, lequel, lettre...
68%
H 429 hélium, hockey, humain...
67%
J 293 jamais, joueur, joyeux...
66%
P 1422 parler, peuple, prénom...
65%
N 392 nature, neutre, normal...
58%
R 1228 rapide, région, rester...
55%
O 407 œuvre, oiseau, ouvrir...
54%
S 1268 samedi, second, suivre...
54%
T 1123 taille, tomate, treize...
51%
I 288 impair, indice, infini...
50%
K 154 karaté, kitsch, klaxon...
46%
V 568 ventre, viande, vivant...
40%
Q 69 quatre, quelle, quinze...
37%
W 36 wasabi, webcam, whisky...
29%
Z 130 zénith, zigzag, zoomer...
26%
U 100 ultime, urgent, utopie...
25%
Y 42 yakuza, yaourt, yourte...
12%
X 13 xénope, xhosas, xystes...
8%
Aucun quiz correspondant
Distribution des résultats
% des personnes avec chaque résultat
Percentile par nombre de réponses
Votre historique - résultats
Vous n’avez pas pris ce quiz